The Bible on silent film :spectacle, story and scripture in the early cinema

Uloženo v:
Podrobná bibliografie
Hlavní autor: SHEPHERD, David J.
Médium: Kniha
Jazyk:angličtina
Vydáno: Cambridge University Press 2013
Tagy: Přidat tag
Žádné tagy, Buďte první, kdo vytvoří štítek k tomuto záznamu!

MARC

LEADER 00000nam a22000007a 4500
008 210906b ||||| |||| 00| 0 eng d
020 |a 9781107042605 
100 |a SHEPHERD, David J. 
245 |a The Bible on silent film  |b :spectacle, story and scripture in the early cinema  |c David J. Shepherd  |g xii,320p.:ill. 
260 |b Cambridge University Press  |c 2013  |h New York  |i 696964  |i 696965  |l PN1995.9.B53Sh4  |m Bible films-History and criticism  |m Silent films-Religions aspects  |m Bible-In motion picture 
500 |a It includes bibliography, filmography and index 
942 |a lcc  |c BK  |e Kuteyi M. A.  |f 6/9/2021 
952 |0 0  |1 0  |2 lcc  |4 0  |6 PN19959 B53 S H4  |7 0  |9 3406  |a HOL  |b HOL  |c LP  |d 2021-09-06  |l 0  |o PN1995.9.B53Sh4  |p 2021-67113  |r 2021-09-06 00:00:00  |w 2021-09-06  |y BK 
952 |0 0  |1 0  |2 lcc  |4 0  |6 PN19959 B53 S H4  |7 0  |9 3407  |a HOL  |b ART  |c LP  |d 2021-09-06  |l 0  |o PN1995.9.B53Sh4  |p 2021-67114  |r 2021-09-06 00:00:00  |w 2021-09-06  |y BK 
999 |c 1695  |d 1695